| 000 | 00810nam a2200241 i 4500 | ||
|---|---|---|---|
| 001 | 18248 | ||
| 003 | ES-MaACL | ||
| 005 | 20250811051204.0 | ||
| 007 | t| | ||
| 008 | 011010s2000 sp ||||0| spa | ||
| 020 | _a84-239-6048-X | ||
| 080 | _a929(460)"18" | ||
| 245 | 0 | 0 |
_aLiberales, agitadores y conspiradores : _bbiografías heterodoxas del siglo XIX / _cIsabel Burdiel, Manuel Pérez Ledesma (coordinadores). |
| 260 |
_aMadrid : _bEspasa Calpe, _c[2000] |
||
| 300 |
_a365 p. : _bil. ; _c23 cm. |
||
| 490 | 1 | _aEspasa biografías | |
| 650 | 4 |
_aEspañoles- _yS.XIX- _xBiografías. _912478 |
|
| 700 | 1 |
_aBurdiel, Isabel, _d1958- _932597 |
|
| 700 | 1 |
_aPérez Ledesma, Manuel, _d1944-2018 _990962 |
|
| 830 | 1 |
_aEspasa biografías _9180412 |
|
| 852 | 4 |
_aES-MaACL _jL-24962 |
|
| 999 |
_c18248 _d18248 |
||